000 00705nam a2200241Ia 4500
003 OSt
005 20220925212428.0
006 a|||||r|||| 00| 0
007 ta
008 220923b |||||||| |||| 00| 0 eng d
020 _cPd 20.00
037 _b10880dt, 07/01/1985, SSS
_cGeneral Book
040 _aRTL
_cRTL
_beng
041 _2eng
_aeng
082 _aYb4, M5
100 _aMulkay Michael
245 0 _aWord and world
_b Explorations in the form of socio
260 _aLondon
_bAllen & Unwin
_c1985
300 _axiii,263p
_ccm.
500 _aBibliography P 256-259
942 _hYb4, M5
_cGB
_2CC
999 _c560309
_d560309